Quick Pick: AL East Teams by Last World Series Win Quiz Stats

 Plays Quiz Updated Jun 25, 2017

Support Sporcle.
Go Orange.
Score 0/5 Timer 00:30
3 Plays Today
% Correct
Red Sox
84.8%
Rays
84.7%
Orioles
82.5%
Blue Jays
82%
Yankees
79.1%

Today's Daily Dose

You're not logged in!

Compare scores with friends on all Sporcle quizzes.
OR
Log In
Forgot?

From the Vault

MLB HoF Highest Voted by Position

by jmnyyankees10

Why do we sing 'Take Me Out To The Ball Game' when we are already there?
Remove Ads.
Support Sporcle.
Get the best of Sporcle when you Go Orange. This ad-free experience offers more features, more stats, and more fun while also helping to support Sporcle. Thank you for becoming a member.

Show Comments

Extras

Top Quizzes Today


Score Distribution

Your Account Isn't Verified!

In order to create a playlist on Sporcle, you need to verify the email address you used during registration. Go to your Sporcle Settings to finish the process.

Report this User

Report this user for behavior that violates our Community Guidelines.

Details: